000 nam a22 a 4500
999 _c3099
_d3099
003 AKMAL
005 20170519112357.0
008 170519 1960 ja 000 eng d
040 _cAKMAL
082 0 4 _a658.3 UC
090 _a658.3
_bJUC
100 1 _aJucius, Michael James,
_d1907-
_96427
245 1 0 _aElements of managerial action /
_cby Michael J. Jucius and William E. Schlender.
260 _aHomeword :
_bR.D. Irwin,
_c1960.
300 0 0 _a439p. :
_billus ;
_c24cm.
504 _aBibliography: p.427-434.
650 _aIndustrial management
_92203
700 0 _aSchlender, William E.
_96428
730 _amanagerial action.
_96429
942 _2ddc
_cBOOK